Name ONLY Countries in WW2 - Statistics

General Stats
  • This quiz has been taken 89 times
  • The average score is 17 of 24
Answer Stats
Deaths Country % Correct
11,400,000 Soviet Union
99%
407,300 United States
99%
5,318,000 Germany
98%
383,700 United Kingdom
98%
2,300,000 Japan
94%
210,000 France
93%
341,000 Italy
93%
3,750,000 China
90%
42,000 Canada
86%
240,000 Poland
81%
12,000 Belgium
77%
18,200 Netherlands
75%
39,700 Australia
74%
35,100 Greece
69%
446,000 Yugoslavia
69%
300,000 Romania
63%
200,000 Hungary
59%
95,000 Finland
58%
18,500 Bulgaria
53%
11,700 New Zealand
47%
11,900 South Africa
36%
25,000 Lithuania
28%
34,000 Estonia
26%
30,000 Latvia
26%
No matching quizzes found
Score Distribution
Percent of People with Each Score
Percentile by Number Answered
Your Score History
You have not taken this quiz